书目信息 |
| 题名: |
国土空间规划国际比较
|
|
| 作者: | 翟国方 , 顾福妹 编著 | |
| 分册: | ||
| 出版信息: | 北京 中国建筑工业出版社 2018.12 |
|
| 页数: | 364页 | |
| 开本: | 20cm | |
| 丛书名: | 城市 规划 理论·设计读本 | |
| 单 册: | ||
| 中图分类: | TU98 | |
| 科图分类: | ||
| 主题词: | 区域规划 , 城乡规划 | |
| 电子资源: | ||
| ISBN: | 978-7-112-22765-5 | |
| 000 | 00829nam0 2200253 450 | |
| 001 | 1953253465 | |
| 005 | 20201026154029.57 | |
| 010 | @a978-7-112-22765-5@dCNY49.00 | |
| 100 | @a20190311d2018 km y0chiy0120 ea | |
| 101 | 0 | @achi |
| 102 | @aCN@b110000 | |
| 200 | 1 | @a国土空间规划国际比较@AGuo Tu Kong Jian Gui Hua Guo Ji Bi Jiao@e体系·指标@f翟国方,顾福妹编著@FZhai Guo Fang,Gu Fu Mei Bian Zhu |
| 210 | @a北京@c中国建筑工业出版社@d2018.12 | |
| 215 | @a364页@d20cm | |
| 225 | 2 | @a城市 规划 理论·设计读本 |
| 410 | 0 | @12001 @a城市 规划 理论·设计读本 |
| 517 | 1 | @a体系·指标@ATi Xi·Zhi Biao |
| 606 | 0 | @a区域规划 |
| 606 | 0 | @a城乡规划 |
| 690 | @aTU98@v4 | |
| 701 | 0 | @a翟国方@AZhai Guo Fang@4编著 |
| 701 | 0 | @a顾福妹@AGu Fu Mei@4编著 |
| 801 | 0 | @aCN@b大连网信软件有限公司图书馆·11@c20190311 |
| 905 | @aZUCC@dTU98@eZ046 | |
| 国土空间规划国际比较:体系·指标/翟国方,顾福妹编著.-北京:中国建筑工业出版社,2018.12 |
| 364页;20cm.-(城市 规划 理论·设计读本) |
| ISBN 978-7-112-22765-5:CNY49.00 |
| ● |
| 相关链接 |
|
|
|
正题名:国土空间规划国际比较
索取号:TU98/Z046
 
预约/预借
| 序号 | 登录号 | 条形码 | 馆藏地/架位号 | 状态 | 备注 |
| 1 | 1244518 | 212445184 | 建筑库201/201建筑库 58排6列2层/ [索取号:TU98/Z046] | 在馆 | |
| 2 | 1348854 | 213488545 | 建筑与城市规划学院资料室/ [索取号:TU98/Z046] | 在馆 |